<?xml version="1.0" encoding="UTF-8"?>
<record
    xmlns:xsi="http://www.w3.org/2001/XMLSchema-instance"
    xsi:schemaLocation="http://www.loc.gov/MARC21/slim http://www.loc.gov/standards/marcxml/schema/MARC21slim.xsd"
    xmlns="http://www.loc.gov/MARC21/slim">

  <leader>01244cam a2200289   4500</leader>
  <controlfield tag="001">thisispainteddes00wagorich</controlfield>
  <controlfield tag="003">CaSfIA</controlfield>
  <controlfield tag="005">20210119102527.0</controlfield>
  <controlfield tag="007">cr||||</controlfield>
  <controlfield tag="008">711027s1971    azua          000 0 eng  </controlfield>
  <datafield tag="010" ind1=" " ind2=" ">
    <subfield code="a">   76157463 </subfield>
  </datafield>
  <datafield tag="040" ind1=" " ind2=" ">
    <subfield code="a">DLC</subfield>
    <subfield code="c">DLC</subfield>
    <subfield code="d">BTCTA</subfield>
    <subfield code="d">CaSfIA</subfield>
  </datafield>
  <datafield tag="035" ind1=" " ind2=" ">
    <subfield code="a">(OCoLC)199971</subfield>
  </datafield>
  <datafield tag="043" ind1=" " ind2=" ">
    <subfield code="a">n-us-az</subfield>
  </datafield>
  <datafield tag="050" ind1="0" ind2="0">
    <subfield code="a">F817.P2</subfield>
    <subfield code="b">W3</subfield>
  </datafield>
  <datafield tag="082" ind1="0" ind2="0">
    <subfield code="a">917.91/33</subfield>
  </datafield>
  <datafield tag="100" ind1="1" ind2=" ">
    <subfield code="a">Wagoner, John J.</subfield>
  </datafield>
  <datafield tag="245" ind1="1" ind2="0">
    <subfield code="a">This is painted desert,</subfield>
    <subfield code="h">[electronic resource] </subfield>
    <subfield code="c">by John J. Wagoner.</subfield>
  </datafield>
  <datafield tag="260" ind1=" " ind2=" ">
    <subfield code="a">Holbrook, Ariz.,</subfield>
    <subfield code="b">Petrified Forest Museum Association</subfield>
    <subfield code="c">[1971]</subfield>
  </datafield>
  <datafield tag="300" ind1=" " ind2=" ">
    <subfield code="a">[32] p.</subfield>
    <subfield code="b">col. illus.</subfield>
    <subfield code="c">31 cm.</subfield>
  </datafield>
  <datafield tag="651" ind1=" " ind2="0">
    <subfield code="a">Painted Desert (Ariz.)</subfield>
  </datafield>
  <datafield tag="856" ind1="4" ind2="1">
    <subfield code="u">http://www.archive.org/details/thisispainteddes00wagorich</subfield>
    <subfield code="z">Free eBook from the Internet Archive</subfield>
  </datafield>
  <datafield tag="856" ind1="4" ind2="2">
    <subfield code="u">http://www.openlibrary.org/books/OL4917504M</subfield>
    <subfield code="z">Additional information and access via Open Library</subfield>
  </datafield>
  <datafield tag="942" ind1=" " ind2=" ">
    <subfield code="c">EB</subfield>
  </datafield>
  <datafield tag="506" ind1=" " ind2=" ">
    <subfield code="f">&#x41D;&#x435;&#x43E;&#x431;&#x445;&#x456;&#x434;&#x43D;&#x430; &#x430;&#x432;&#x442;&#x43E;&#x440;&#x438;&#x437;&#x430;&#x446;&#x456;&#x44F; &#x43D;&#x430; https://archive.org/ (&#x441;&#x442;&#x432;&#x43E;&#x440;&#x435;&#x43D;&#x43D;&#x44F; &#x43E;&#x431;&#x43B;&#x456;&#x43A;&#x43E;&#x432;&#x43E;&#x433;&#x43E; &#x437;&#x430;&#x43F;&#x438;&#x441;&#x443; &#x431;&#x435;&#x437;&#x43A;&#x43E;&#x448;&#x442;&#x43E;&#x432;&#x43D;&#x43E;)</subfield>
  </datafield>
  <datafield tag="506" ind1=" " ind2=" ">
    <subfield code="f">&#x41D;&#x435;&#x43E;&#x431;&#x445;&#x456;&#x434;&#x43D;&#x430; &#x430;&#x432;&#x442;&#x43E;&#x440;&#x438;&#x437;&#x430;&#x446;&#x456;&#x44F; &#x43D;&#x430; https://openlibrary.org/ (&#x441;&#x442;&#x432;&#x43E;&#x440;&#x435;&#x43D;&#x43D;&#x44F; &#x43E;&#x431;&#x43B;&#x456;&#x43A;&#x43E;&#x432;&#x43E;&#x433;&#x43E; &#x437;&#x430;&#x43F;&#x438;&#x441;&#x443; &#x431;&#x435;&#x437;&#x43A;&#x43E;&#x448;&#x442;&#x43E;&#x432;&#x43D;&#x43E;)</subfield>
  </datafield>
  <datafield tag="999" ind1=" " ind2=" ">
    <subfield code="c">556982</subfield>
    <subfield code="d">556982</subfield>
  </datafield>
</record>
